George Washington's mother / (Record no. 5811)

MARC details
000 -LEADER
fixed length control field 00947nam a22003017a 4500
001 - CONTROL NUMBER
control field 5811
003 - CONTROL NUMBER IDENTIFIER
control field FISKH
005 - DATE AND TIME OF LATEST TRANSACTION
control field 20250506083755.0
008 - FIXED-LENGTH DATA ELEMENTS--GENERAL INFORMATION
fixed length control field 250123b cb ||||| |||| 00| 0 eng d
020 ## - INTERNATIONAL STANDARD BOOK NUMBER
International Standard Book Number 0590056638
040 ## - CATALOGING SOURCE
Original cataloging agency FISKH
Language of cataloging eng
Transcribing agency FISKH
Modifying agency FISKH
050 ## - LIBRARY OF CONGRESS CALL NUMBER
Classification number E312.W35
082 ## - DEWEY DECIMAL CLASSIFICATION NUMBER
Classification number 973.3092
100 ## - MAIN ENTRY--PERSONAL NAME
Personal name Fritz, Jean
Dates associated with a name (1915–2017)
245 ## - TITLE STATEMENT
Title George Washington's mother /
Statement of responsibility, etc. By Jean Fritz Illustrated by DyAnne DiSalvo Sydney
250 ## - EDITION STATEMENT
Edition statement First printing in 1997
260 ## - PUBLICATION, DISTRIBUTION, ETC.
Place of publication, distribution, etc. New York :
Name of publisher, distributor, etc. Scholastic,
Date of publication, distribution, etc. 1997.
300 ## - PHYSICAL DESCRIPTION
Extent 48 pages :
Other physical details color illustrations ;
Dimensions 23 cm
505 ## - FORMATTED CONTENTS NOTE
Formatted contents note J<br/>
520 ## - SUMMARY, ETC.
Summary, etc. Describes the life of the mother of our first president and her relationship with her children.
521 8# - TARGET AUDIENCE NOTE
Target audience note 500<br/>
Source Lexile<br/>
521 8# - TARGET AUDIENCE NOTE
Target audience note J<br/>
Source Raz-Plus<br/>
650 ## - SUBJECT ADDED ENTRY--TOPICAL TERM
Source of heading or term Historical fiction
Topical term or geographic name entry element Presidents
650 ## - SUBJECT ADDED ENTRY--TOPICAL TERM
Source of heading or term Mothers
Topical term or geographic name entry element February
700 ## - ADDED ENTRY--PERSONAL NAME
Personal name DiSalvo-Ryan, DyAnne
Dates associated with a name illustrator
942 ## - ADDED ENTRY ELEMENTS (KOHA)
Source of classification or shelving scheme Dewey Decimal Classification
Koha item type Books
Suppress in OPAC No
Holdings
Withdrawn status Lost status Source of classification or shelving scheme Damaged status Not for loan Collection Home library Current library Shelving location Date acquired Total Checkouts Full call number Barcode Date last seen Copy number Price effective from Koha item type
    Dewey Decimal Classification     Non-Fiction Footprints International School Library Network Toul Kork Campus Footprints International School Library Network Toul Kork Campus TK Primary Library Room(4th Floor), Bookcase 1&2, Shelves 1-16, Dark Blue Books 01/23/2025   FRI 973.3092 E312.W35 FISTK02109 01/23/2025 1 01/23/2025 Books
    Dewey Decimal Classification     Non-Fiction Footprints International School Library Network Toul Tom Poung Campus Footprints International School Library Network Toul Tom Poung Campus TTP Primary Dark Blue Bookshelves 05/06/2025   FRI 973.3092 E312.W35 2025-1141 05/06/2025 2 05/06/2025 Books